Santiago el Zebedeo y los ‘nazarenos’ andalusíes (Ss. IX-X) (Record no. 893385)
[ view plain ]
| 000 -CABECERA | |
|---|---|
| Campo de control de longitud fija | 00478nab a22001457 4500 |
| 003 - IDENTIFICADOR DEL NÚMERO DE CONTROL | |
| Campo de control | ES-SlBCS |
| 005 - FECHA Y HORA DE LA ÚLTIMA TRANSACCIÓN | |
| Campo de control | 20231222212911.0 |
| 008 - CÓDIGOS DE INFORMACIÓN DE LONGITUD FIJA | |
| Campo de control de longitud fija | 231222s2023 sp ||||| |||| 00| 0 spa d |
| 040 ## - FUENTE DE LA CATALOGACIÓN | |
| Centro catalogador del origen | ES-SlBCS |
| Lengua de catalogación | spa |
| 041 ## - CÓDIGO DE LENGUA | |
| Código de lengua del texto/banda sonora o título independiente | spa |
| 100 1# - PUNTO DE ACCESO PRINCIPAL-NOMBRE DE PERSONA | |
| Nombre de persona | Carriedo Tejedo, Manuel |
| 9 (RLIN) | 67731 |
| 245 10 - MENCIÓN DE TÍTULO | |
| Título | Santiago el Zebedeo y los ‘nazarenos’ andalusíes (Ss. IX-X) |
| Mención de responsabilidad, etc. | Manuel Carriedo Tejedo |
| 773 0# - ENLACE AL DOCUMENTO FUENTE | |
| Parte(s) relacionada(s) | Vol. 68, nums. 3-4, 2023, págs. 519-580 |
| Título | Compostellanum |
| Número de control del registro relacionado | Rev130 |
| Número Internacional Normalizado para Publicaciones Seriadas (ISSN) | 0573-2018 |
| 942 ## - ENTRADA DE ELEMENTOS AGREGADOS (KOHA) | |
| Fuente de clasificaión o esquema | |
| Koha [por defecto] tipo de item | Artículos de revista |
| Suprimido | Perdido | Fuente de clasificación o esquema | Estropeado | No para préstamo | Localización permanente | Localización actual | Fecha adquisición | Préstamos totales | Fecha última consulta | Fecha del precio de reemplazo | Tipo de item de Koha |
|---|---|---|---|---|---|---|---|---|---|---|---|
| San Esteban | San Esteban | 22/12/2023 | 22/12/2023 | 22/12/2023 | Artículos de revista |
